Contabilidad industrial (Registro nro. 2135)

Detalles MARC
000 -LEADER
fixed length control field 01558 a2200193 4500
001 - CONTROL NUMBER
control field 30887
005 - DATE AND TIME OF LATEST TRANSACTION
control field 20260407155617.0
008 - FIXED-LENGTH DATA ELEMENTS--GENERAL INFORMATION
fixed length control field 260407a1956 arg spa d
003 - CONTROL NUMBER IDENTIFIER
control field AR-UNSa-BCEJYS
040 ## - CATALOGING SOURCE
Original cataloging agency AR-UNSa-BCEJYS
Language of cataloging spa
Transcribing agency AR-UNSa-BCEJYS
080 ## - UNIVERSAL DECIMAL CLASSIFICATION NUMBER
Universal Decimal Classification number 657
Common auxiliary subdivision Contabilidad
100 1# - MAIN ENTRY--PERSONAL NAME
Personal name Suarez Franck, Armando
245 10 - TITLE STATEMENT
Title Contabilidad industrial
Name of part/section of a work aplicada a las empresas transformadoras y distribuidoras
264 #1 - PRODUCTION, PUBLICATION, DISTRIBUTION, MANUFACTURE, AND COPYRIGHT NOTICE
Place of production, publication, distribution, manufacture Madrid :
Name of producer, publisher, distributor, manufacturer Aguilar
Date of production, publication, distribution, manufacture, or copyright notice 1956
300 ## - PHYSICAL DESCRIPTION
Extent 307 p.
Dimensions 22 cm.
505 ## - FORMATTED CONTENTS NOTE
Formatted contents note Primera Prate: Contabilidad aplicada a empresas transformadoras: 1. Elementos que intervienen en la contabilidad industrial - 2. Cuentas de activo inmovilizado - 3. Cuenta "Materiales" - 4. Cuenta "Materiales" - 5. Cuenta "Mano de obra" - 6. Aplicación de Mano de Obra - 7. Servicios de fábrica - 8. Depreciación - 9. Depreciación - 10. Depreciación - 11. Aplicación de servicios de fábrica - 12. Aplicación de servicios de fábrica - 13. Aplicación de servicios de fábrica - 14. Aplicación de servicios de fábrica - 15. Artículos en curso de elaboración - 16. Ordenes de fabricación - 17. Valoración para el balance de artículos en curso de fabricación - 18. Valoración para el balance de artículos en curso de fabricación - 19. Artículos terminados - 20. Ajustes - 21. Determinación de resultados - 22. Aplicación práctica del procedimiento - Segunda parte: Contabilidad aplicada a empresas distribuidoras: 23. Costo en la empresa distribuidora - 24. Aplicación práctica
590 ## - LOCAL NOTE (RLIN)
Local note niveau_biblio:m niveau_hierar:0
942 ## - ADDED ENTRY ELEMENTS (KOHA)
Koha item type
Existencias
Withdrawn status Lost status Damaged status Not for loan Home library Current library Shelving location Date acquired Total checkouts Full call number Barcode Date last seen Price effective from Koha item type
        Biblioteca Prof. Eusebio Cleto del Rey Biblioteca Prof. Eusebio Cleto del Rey   07/04/2026   657 S939 L20194 07/04/2026 07/04/2026 Libro